000 00643nam a2200181 4500
001 140034
003 ES-MaACL
005 20230906195959.0
007 t|
008 070214s1979 sp r ||||1| spa d
100 1 _aSchmitt, Carl.
_9104517
245 1 3 _aEl nomos de la Tierra en el Derecho de gentes del `Jus publicum europaeum` /
_cCarl Schmitt ; [traducción: Dora Schilling Thon].
260 _aMadrid :
_bCentro de Estudios Constitucionales,
_c1973.
300 _a443 p. ;
_c22 cm.
700 1 _aSchilling Thon, Dora.
_9104366
710 2 _aCentro de Estudios Constitucionales (España)
_92618
852 _aES-MaACL
_jA-10338
_bR.99428
999 _c140034
_d140034